| 000 | 00649cam a2200169 4500 | ||
|---|---|---|---|
| 082 | 0 | 0 |
_a624.171 _bMUS _cD |
| 100 | 1 |
_aMustin, Gordon S. _942757 |
|
| 245 | 1 | 0 |
_aTheory and practice of cushion design _c[by] Gordon S. Mustin. |
| 260 |
_a[Washington] _bShock and Vibration Information Center, U.S. Dept. of Defense; [for sale by the Supt. of Docs., U.S. Govt. Print. Off., Washington] _c1968. |
||
| 300 |
_aviii, 332 p. _billus. _c24 cm. |
||
| 526 |
_a0 _b0 _c0 _d624_171000000000000_MUS |
||
| 650 | 0 |
_aNUST / MCE _926909 |
|
| 650 | 0 |
_aPacking for shipment. _942758 |
|
| 650 | 0 |
_aShock (Mechanics) _942759 |
|
| 650 | 0 |
_aVibration. _939230 |
|
| 942 |
_2ddc _cBK |
||
| 999 |
_c546603 _d546603 |
||